[Event "II. CLANSKA LIGA ZAHOD 2021"]
[Site "Komenda"]
[Date "2021.12.05"]
[Round "7.1"]
[White "Jeraj, Zlatko"]
[Black "Prestrl, Jozef"]
[Result "1-0"]
[WhiteElo "1994"]
[BlackElo "1843"]
[PlyCount "99"]
[EventDate "2021.12.05"]
[WhiteTeam "SD SIJ SCRONI JESENICE"]
[BlackTeam "SD RADOVLJICA"]

1. d4 Nf6 2. Nf3 d5 3. c4 e6 4. Bg5 Be7 5. Nc3 c6 6. e3 O-O 7. Bd3 h6 8. Bh4
dxc4 9. Bxc4 Nd5 10. Bxe7 Qxe7 11. O-O b6 12. a3 Ba6 13. Bxa6 Nxa6 14. Qa4 Qb7
15. Ne4 Rfd8 16. Rac1 Rac8 17. b4 f6 18. Qc2 Ne7 19. Rfd1 Nc7 20. Ng3 Ne8 21.
h3 Nd6 22. e4 Nf7 23. Rd2 Qd7 24. Rcd1 Qe8 25. Ne2 Ng5 26. Nxg5 hxg5 27. Qb3
Qf7 28. Nc3 Rc7 29. a4 Rcd7 30. Qc2 Rc8 31. Ne2 Rcd8 32. Nc1 Rc8 33. Nb3 g6 34.
a5 Kg7 35. Qc3 Kg8 36. Qe3 Rb7 37. axb6 axb6 38. Ra1 Kg7 39. Ra6 Rcb8 40. Rda2
Nc8 41. Nd2 Ra7 42. e5 Rxa6 43. exf6+ Qxf6 44. Rxa6 Kh6 45. Nf3 Qf4 46. Qc3 Qe4
47. d5 Ne7 48. Ra7 exd5 49. Qf6 Nf5 50. Qxg5# 1-0

[Event "II. CLANSKA LIGA ZAHOD 2021"]
[Site "Komenda"]
[Date "2021.12.05"]
[Round "7.2"]
[White "Simnic, Franci"]
[Black "Pazlar, Marko"]
[Result "0-1"]
[WhiteElo "1712"]
[BlackElo "2029"]
[PlyCount "40"]
[EventDate "2021.12.05"]
[WhiteTeam "SD RADOVLJICA"]
[BlackTeam "SD SIJ SCRONI JESENICE"]

1. Nf3 e6 2. d4 f5 3. c4 Nf6 4. Nc3 Bb4 5. Qc2 b6 6. Bg5 O-O 7. O-O-O Bxc3 8.
Qxc3 Qe8 9. Ne5 Ne4 10. Qf3 d6 11. Nd3 Qa4 12. e3 Qxa2 13. h4 Qxc4+ 14. Kb1 Qb3
15. Ka1 Bb7 16. Qe2 Bd5 17. Nc1 Qa4+ 18. Kb1 Nc6 19. Rh3 Nb4 20. f3 Ba2+ 0-1

[Event "II. CLANSKA LIGA ZAHOD 2021"]
[Site "Komenda"]
[Date "2021.12.05"]
[Round "7.3"]
[White "Pavlin, Ivan"]
[Black "Kocevar, Tugomir"]
[Result "1/2-1/2"]
[WhiteElo "1821"]
[BlackElo "1826"]
[PlyCount "52"]
[EventDate "2021.12.05"]
[WhiteTeam "SD SIJ SCRONI JESENICE"]
[BlackTeam "SD RADOVLJICA"]

1. d4 d5 2. c4 e5 3. e3 e4 4. cxd5 Qxd5 5. Nc3 Bb4 6. Bd2 Bxc3 7. bxc3 Nf6 8.
c4 Qd8 9. Bb4 Nc6 10. Ba3 Ne7 11. Ne2 O-O 12. Nc3 Re8 13. Be2 c6 14. O-O Qa5
15. Bxe7 Rxe7 16. Qc2 Qg5 17. Kh1 h5 18. h3 Qh4 19. Kg1 g5 20. f3 Qg3 21. Kh1
Bxh3 22. gxh3 Qxh3+ 23. Kg1 Qg3+ 24. Kh1 Qh3+ 25. Kg1 Qg3+ 26. Kh1 Qh3+ 1/2-1/2

[Event "II. CLANSKA LIGA ZAHOD 2021"]
[Site "Komenda"]
[Date "2021.12.05"]
[Round "7.4"]
[White "Krivec, Metod"]
[Black "Ravnik, Franc"]
[Result "1-0"]
[WhiteElo "1760"]
[BlackElo "1831"]
[PlyCount "63"]
[EventDate "2021.12.05"]
[WhiteTeam "SD RADOVLJICA"]
[BlackTeam "SD SIJ SCRONI JESENICE"]

1. d4 d5 2. c4 Nf6 3. Nc3 g6 4. cxd5 Nxd5 5. e4 Nxc3 6. bxc3 Bg7 7. Be3 O-O 8.
Qd2 c6 9. Bc4 Nd7 10. Ne2 Qc7 11. O-O e6 12. Rfd1 b6 13. Rac1 Bb7 14. Bf4 e5
15. Be3 exd4 16. cxd4 Rad8 17. Bf4 Qc8 18. Bd6 Rfe8 19. Qf4 Kh8 20. Bxf7 Rf8
21. Bxf8 Rxf8 22. e5 c5 23. e6 Nf6 24. dxc5 bxc5 25. Qh4 Qc6 26. f3 Nd5 27.
Bxg6 h6 28. Bf7 Qc7 29. Qh5 Qc6 30. Nd4 Qc7 31. Nf5 Nf4 32. Qg4 1-0

[Event "II. CLANSKA LIGA ZAHOD 2021"]
[Site "Komenda"]
[Date "2021.12.05"]
[Round "7.5"]
[White "Cvetkov, Risto"]
[Black "Torkar, Boris"]
[Result "1/2-1/2"]
[WhiteElo "1927"]
[BlackElo "1802"]
[PlyCount "94"]
[EventDate "2021.12.05"]
[WhiteTeam "SD SIJ SCRONI JESENICE"]
[BlackTeam "SD RADOVLJICA"]

1. d4 d5 2. c4 c6 3. e3 e6 4. Nf3 Nf6 5. Nbd2 Bd6 6. h3 Nbd7 7. a3 b6 8. Bd3
Bb7 9. b4 Rc8 10. c5 Bc7 11. Bb2 O-O 12. Qc2 Re8 13. Ne5 Nf8 14. O-O N6d7 15.
f4 f5 16. Kh2 Nxe5 17. dxe5 h6 18. g3 Qe7 19. Bd4 b5 20. a4 a6 21. Nf3 g6 22.
Rg1 Kh7 23. Rg2 Nd7 24. g4 Rg8 25. Rag1 Rce8 26. a5 Bd8 27. Qf2 Bc8 28. h4 Qf7
29. Kh3 Kh8 30. gxf5 gxf5 31. Rxg8+ Rxg8 32. Rxg8+ Qxg8 33. Qg3 Qxg3+ 34. Kxg3
Nf8 35. Bc3 Bd7 36. Be2 Ng6 37. Be1 Kh7 38. Kh3 Ne7 39. Bf2 Ng6 40. h5 Nf8 41.
Bh4 Bxh4 42. Nxh4 Kg7 43. Nf3 Kf7 44. Kh4 Kg7 45. Nd4 Kf7 46. Bd3 Ke7 47. Bc2
Kf7 1/2-1/2

[Event "II. CLANSKA LIGA ZAHOD 2021"]
[Site "Komenda"]
[Date "2021.12.05"]
[Round "7.6"]
[White "Sandic, Jovica"]
[Black "Kokalj, Janez"]
[Result "1-0"]
[WhiteElo "1743"]
[BlackElo "1864"]
[PlyCount "103"]
[EventDate "2021.12.05"]
[WhiteTeam "SD RADOVLJICA"]
[BlackTeam "SD SIJ SCRONI JESENICE"]

1. d4 Nf6 2. Nf3 d5 3. Nc3 Bf5 4. Bf4 a6 5. Ne5 e6 6. a3 Nbd7 7. Nf3 h6 8. g3
Bd6 9. Bxd6 cxd6 10. Bg2 O-O 11. O-O Rc8 12. Rc1 Nb6 13. Nh4 Bh7 14. Re1 Nc4
15. Rb1 b5 16. e4 dxe4 17. Nxe4 d5 18. Nc5 a5 19. Bf1 Nd6 20. Nf3 Nd7 21. b4 a4
22. Rc1 Nb6 23. Bd3 Nbc4 24. Qe2 Nxa3 25. Bxh7+ Kxh7 26. Qd3+ Kg8 27. Qxa3 Nc4
28. Qd3 Ra8 29. Ra1 Re8 30. Ne5 Nd6 31. Qf3 f6 32. Ng4 Nf5 33. c3 Qc8 34. Ne3
Nd6 35. Ng2 f5 36. Nf4 Ne4 37. Qd3 g5 38. Ng6 Kg7 39. Ne5 g4 40. f3 gxf3 41.
Qxf3 Rf8 42. Ned7 Rf7 43. Ne5 Re7 44. Rac1 Qe8 45. Qf4 Ng5 46. Kg2 Qh5 47. h4
Ne4 48. Nf3 Rf8 49. Qe5+ Rf6 50. Qf4 Rg6 51. Nxe4 fxe4 52. Qe5+ 1-0

[Event "II. CLANSKA LIGA ZAHOD 2021"]
[Site "Komenda"]
[Date "2021.12.05"]
[Round "7.2"]
[White "Raspor, Gregor"]
[Black "More, Erlend"]
[Result "1-0"]
[WhiteElo "2011"]
[BlackElo "1621"]
[PlyCount "37"]
[EventDate "2021.12.05"]
[WhiteTeam "SK RIMEX ILIRSKA BISTRICA"]
[BlackTeam "SK KOMENDA"]

1. d4 Nf6 2. c4 e6 3. Nc3 b6 4. e4 Bb7 5. Bd3 Bb4 6. Qc2 Bxc3+ 7. bxc3 d5 8.
cxd5 exd5 9. e5 Ne4 10. f3 Ng5 11. h4 Ne6 12. f4 Nd7 13. Nf3 h6 14. O-O Qe7 15.
a4 a5 16. f5 Nef8 17. c4 dxc4 18. Bxc4 O-O-O 19. Ba6 1-0

[Event "II. CLANSKA LIGA ZAHOD 2021"]
[Site "Komenda"]
[Date "2021.12.05"]
[Round "7.3"]
[White "Keber, Aljosa"]
[Black "Solmajer, Luka"]
[Result "0-1"]
[WhiteElo "1160"]
[BlackElo "1986"]
[PlyCount "62"]
[EventDate "2021.12.05"]
[WhiteTeam "SK KOMENDA"]
[BlackTeam "SK RIMEX ILIRSKA BISTRICA"]

1. e4 c5 2. Nf3 d6 3. d4 cxd4 4. Nxd4 Nf6 5. Nc3 g6 6. Be3 Bg7 7. f3 O-O 8. Qd2
Nc6 9. O-O-O Bd7 10. g4 Rb8 11. Nxc6 bxc6 12. Bxa7 Rb7 13. Be3 Be6 14. Bh6 Bxh6
15. Qxh6 Qa5 16. Qe3 Bxa2 17. Nxa2 Qxa2 18. Qa3 Qe6 19. Rd3 Rfb8 20. b3 Nxg4
21. Bh3 h5 22. fxg4 Qxe4 23. Rg1 Qf4+ 24. Rd2 h4 25. Rf1 Qe3 26. Bg2 Ra7 27.
Qb2 Rba8 28. c4 Ra1+ 29. Kc2 R1a2 30. Rff2 Rxb2+ 31. Kxb2 Rb8 0-1

[Event "II. CLANSKA LIGA ZAHOD 2021"]
[Site "Komenda"]
[Date "2021.12.05"]
[Round "7.4"]
[White "Rolih, Miran"]
[Black "Babarovic, Fran"]
[Result "1-0"]
[WhiteElo "1891"]
[BlackElo "1108"]
[PlyCount "55"]
[EventDate "2021.12.05"]
[WhiteTeam "SK RIMEX ILIRSKA BISTRICA"]
[BlackTeam "SK KOMENDA"]

1. Nf3 Nc6 2. g3 d5 3. Bg2 e5 4. d3 Nf6 5. O-O Bc5 6. c3 Bb6 7. b4 a6 8. Nbd2
O-O 9. Nb3 Qe7 10. a4 Bf5 11. Ba3 Qd7 12. b5 Ne7 13. Nxe5 Qe6 14. Nf3 Rfe8 15.
a5 Ba7 16. Nbd4 Qd7 17. Ne5 Qc8 18. bxa6 bxa6 19. Nxf5 Nxf5 20. d4 c6 21. Bh3
g6 22. Qd3 Ne4 23. Bxf5 Qxf5 24. Nxc6 Qh3 25. Ne7+ Kg7 26. Nxd5 Rad8 27. Nf4
Qg4 28. f3 1-0

[Event "II. CLANSKA LIGA ZAHOD 2021"]
[Site "Komenda"]
[Date "2021.12.05"]
[Round "7.5"]
[White "Perme, Stanko"]
[Black "Kekic, Urban"]
[Result "0-1"]
[WhiteElo "1055"]
[BlackElo "1703"]
[PlyCount "114"]
[EventDate "2021.12.05"]
[WhiteTeam "SK KOMENDA"]
[BlackTeam "SK RIMEX ILIRSKA BISTRICA"]

1. e4 c6 2. Nf3 d5 3. exd5 cxd5 4. Bb5+ Bd7 5. Bxd7+ Nxd7 6. d4 e6 7. O-O Ngf6
8. Bg5 Be7 9. Bf4 O-O 10. Qd2 Ne4 11. Qe3 Rc8 12. c3 Qb6 13. Nbd2 Ndf6 14. Nxe4
Nxe4 15. Rab1 Qa5 16. Rfc1 Qxa2 17. Ne5 Nf6 18. Bg5 Rfe8 19. f3 a6 20. Qd2 Qb3
21. Ra1 Qb5 22. Bxf6 Bxf6 23. Ng4 Be7 24. Ne5 Bd6 25. Ng4 h6 26. b4 Qb6 27.
Rab1 Qc7 28. g3 Qd7 29. Ra1 Rc7 30. Nxh6+ gxh6 31. Qxh6 Bf8 32. Qg5+ Bg7 33.
Qe3 Rc4 34. Ra3 Rec8 35. Qd2 Bxd4+ 36. Kg2 Bg7 37. h3 Qe7 38. g4 Qf6 39. Kg3
Rxc3 40. Raxc3 Rxc3 41. Rxc3 Qxc3 42. Qxc3 Bxc3 43. Kf2 Bxb4 44. Ke2 a5 45. h4
Kg7 46. h5 Kh6 47. Kf2 f5 48. Kg3 Kg5 49. f4+ Kh6 50. Kh4 fxg4 51. Kxg4 a4 52.
Kh4 a3 53. Kg4 a2 54. Kh4 a1=Q 55. Kg4 Qg1+ 56. Kh4 Be1+ 57. Kh3 Qg3# 0-1

[Event "II. CLANSKA LIGA ZAHOD 2021"]
[Site "Komenda"]
[Date "2021.12.05"]
[Round "7.1"]
[White "Markun, Ozbej"]
[Black "Luzar, Emil"]
[Result "0-1"]
[WhiteElo "1929"]
[BlackElo "2128"]
[PlyCount "54"]
[EventDate "2021.12.05"]
[WhiteTeam "SS TOMO ZUPAN KRANJ"]
[BlackTeam "SK DOLENJSKE TOPLICE"]

1. e4 c5 2. Nf3 d6 3. d4 cxd4 4. Nxd4 Nf6 5. Nc3 g6 6. Be3 Bg7 7. f3 O-O 8. Qd2
Nc6 9. Bc4 Nd7 10. O-O-O Nb6 11. Bb3 Na5 12. Qe2 Bd7 13. h4 Rc8 14. h5 Nbc4 15.
hxg6 fxg6 16. Bh6 Bxh6+ 17. Rxh6 e5 18. Nf5 gxf5 19. f4 exf4 20. Qh5 Be8 21.
Qh3 Rc7 22. exf5 Qg5 23. Kb1 Qxf5 24. Qh4 Bg6 25. Rd5 Nxb3 26. Rxg6+ Qxg6 27.
axb3 Ne5 0-1

[Event "II. CLANSKA LIGA ZAHOD 2021"]
[Site "Komenda"]
[Date "2021.12.05"]
[Round "7.2"]
[White "Stubljar, Andrej"]
[Black "Globevnik, Iztok"]
[Result "1-0"]
[WhiteElo "2022"]
[BlackElo "1799"]
[PlyCount "77"]
[EventDate "2021.12.05"]
[WhiteTeam "SK DOLENJSKE TOPLICE"]
[BlackTeam "SS TOMO ZUPAN KRANJ"]

1. d4 Nf6 2. Nd2 g6 3. Ngf3 Bg7 4. e4 d6 5. Bd3 O-O 6. O-O c5 7. dxc5 dxc5 8.
a4 b6 9. a5 Bb7 10. a6 Bc6 11. Ne5 Qc7 12. Nxc6 Nxc6 13. c3 Rad8 14. Qe2 Rd7
15. Bb5 Bh6 16. f4 Rfd8 17. Nc4 e6 18. g4 Bg7 19. g5 Nh5 20. Be3 f5 21. e5 Bf8
22. Rad1 Rxd1 23. Rxd1 Rxd1+ 24. Qxd1 Nb8 25. Nd6 Ng7 26. Qd3 Nc6 27. Ba4 Nb8
28. h4 Be7 29. Bb3 Kf8 30. Nb5 Qc6 31. Nxa7 Qf3 32. Bc4 Qg3+ 33. Kf1 Nh5 34.
Bd2 Qg4 35. Qe3 Ng3+ 36. Ke1 Qxh4 37. Kd1 Ne4 38. Nc8 Qh1+ 39. Be1 1-0

[Event "II. CLANSKA LIGA ZAHOD 2021"]
[Site "Komenda"]
[Date "2021.12.05"]
[Round "7.3"]
[White "Planinsek, Bojan"]
[Black "Turkovic, Igor"]
[Result "0-1"]
[WhiteElo "1735"]
[BlackElo "1782"]
[PlyCount "66"]
[EventDate "2021.12.05"]
[WhiteTeam "SS TOMO ZUPAN KRANJ"]
[BlackTeam "SK DOLENJSKE TOPLICE"]

1. e4 c5 2. c3 d6 3. d4 cxd4 4. cxd4 g6 5. Nf3 Bg7 6. Nc3 Nf6 7. Bd3 O-O 8. O-O
Nc6 9. h3 b6 10. Re1 Bb7 11. a3 Rc8 12. Be3 a6 13. Qd2 Na5 14. Qd1 b5 15. Rc1
Nc4 16. Bxc4 Rxc4 17. b3 Rc8 18. Qd3 Qa5 19. d5 Qxa3 20. Rb1 Qa5 21. Bd2 Qb6
22. Rbc1 Nd7 23. b4 Rc4 24. Ne2 Rfc8 25. Rxc4 Rxc4 26. Rc1 Rxc1+ 27. Nxc1 Qc7
28. Nb3 Nb6 29. Nbd4 Qc4 30. Qxc4 Nxc4 31. Nc6 Kf8 32. Ncd4 Nxd2 33. Nxd2 Bxd4
0-1

[Event "II. CLANSKA LIGA ZAHOD 2021"]
[Site "Komenda"]
[Date "2021.12.05"]
[Round "7.4"]
[White "Kregulj, Andrej"]
[Black "Bobnar, Samo"]
[Result "0-1"]
[WhiteElo "1655"]
[BlackElo "1542"]
[PlyCount "130"]
[EventDate "2021.12.05"]
[WhiteTeam "SK DOLENJSKE TOPLICE"]
[BlackTeam "SS TOMO ZUPAN KRANJ"]

1. d4 Nf6 2. Bf4 d5 3. e3 c5 4. c3 Nc6 5. Nf3 Qb6 6. Qb3 c4 7. Qxb6 axb6 8. Be2
Bf5 9. Nbd2 h6 10. h3 e6 11. g4 Bh7 12. O-O Be7 13. Rfc1 O-O 14. Bd1 Ra6 15.
Bc2 Rfa8 16. Bxh7+ Kxh7 17. a3 b5 18. Rab1 Rd8 19. Re1 Bd6 20. Bxd6 Rxd6 21. e4
Rd8 22. Re2 Ne7 23. Ne5 Kg8 24. Rf1 dxe4 25. Nxe4 Nxe4 26. Rxe4 f6 27. Nf3 Kf7
28. Rfe1 h5 29. Kg2 hxg4 30. hxg4 Rh8 31. R4e3 Nd5 32. Re4 Raa8 33. Kg3 Rae8
34. g5 Rh5 35. g6+ Kxg6 36. Rxe6 Rxe6 37. Rxe6 Kf7 38. Re1 g5 39. Kg2 Nf4+ 40.
Kg1 Nd3 41. Re2 Rh8 42. Ne1 Nf4 43. Re4 Rh3 44. Ng2 Nd5 45. Ne3 Nf4 46. Nf5 Kg6
47. Ne7+ Kh5 48. Re3 Kg4 49. Rxh3 Nxh3+ 50. Kf1 Kf3 51. d5 Nf4 52. d6 Ne6 53.
Nd5 Ke4 54. Nc7 Nc5 55. Ke2 Nd7 56. Nxb5 f5 57. f3+ Kd5 58. Ke3 f4+ 59. Ke2 Kc6
60. Nd4+ Kxd6 61. b4 cxb3 62. Nxb3 Kd5 63. Nd2 Nc5 64. Kf2 Na4 65. c4+ Kd4 0-1

[Event "II. CLANSKA LIGA ZAHOD 2021"]
[Site "Komenda"]
[Date "2021.12.05"]
[Round "7.5"]
[White "Rogelj, Tomaz"]
[Black "Voglar, Peter"]
[Result "0-1"]
[WhiteElo "1765"]
[BlackElo "2046"]
[PlyCount "34"]
[EventDate "2021.12.05"]
[WhiteTeam "SS TOMO ZUPAN KRANJ"]
[BlackTeam "SK DOLENJSKE TOPLICE"]

1. e4 c5 2. Nf3 d6 3. d4 cxd4 4. Nxd4 a6 5. Be2 e6 6. Be3 Be7 7. O-O Nf6 8. Nc3
O-O 9. f4 Nbd7 10. Bf3 Qc7 11. Qd2 Nb6 12. Rad1 Nc4 13. Qc1 e5 14. fxe5 dxe5
15. Nf5 Bxf5 16. exf5 Nxe3 17. Qxe3 Bc5 0-1

[Event "II. CLANSKA LIGA ZAHOD 2021"]
[Site "Komenda"]
[Date "2021.12.05"]
[Round "7.6"]
[White "Volf, Zdravko"]
[Black "Bobnar, Vid"]
[Result "1/2-1/2"]
[WhiteElo "2019"]
[BlackElo "1835"]
[PlyCount "121"]
[EventDate "2021.12.05"]
[WhiteTeam "SK DOLENJSKE TOPLICE"]
[BlackTeam "SS TOMO ZUPAN KRANJ"]

1. e4 e5 2. f4 Nc6 3. Nf3 d6 4. Bc4 h6 5. O-O Nf6 6. d3 Na5 7. fxe5 dxe5 8. Bb3
Nxb3 9. axb3 Be7 10. Nbd2 Bg4 11. Nc4 Bd6 12. Qe1 Bxf3 13. Rxf3 Qd7 14. Bd2 a6
15. Bc3 Qe6 16. Qg3 Qg4 17. Bxe5 Qxg3 18. Nxd6+ cxd6 19. Bxg3 d5 20. e5 Nd7 21.
d4 O-O 22. c3 Rfe8 23. Ra5 Nb6 24. Bh4 Re6 25. Bg3 Rd8 26. Rc5 Rd7 27. h3 Kh7
28. Rf1 Kg6 29. Rd1 Kf5 30. Re1 h5 31. Ra5 g5 32. Raa1 Kg6 33. Re2 Rc7 34. Rf1
Rcc6 35. Ref2 f6 36. exf6 Rxf6 37. Be5 Rxf2 38. Rxf2 Nd7 39. Bh2 Nf6 40. Be5
Nd7 41. Bh2 Nf6 42. Re2 b5 43. Be5 Nd7 44. Kf2 Re6 45. Bh2 Rxe2+ 46. Kxe2 Kf5
47. Kd3 Nf6 48. c4 bxc4+ 49. bxc4 dxc4+ 50. Kxc4 Ke4 51. Bc7 Nd5 52. Bd8 g4 53.
hxg4 hxg4 54. g3 Ne3+ 55. Kc5 Nf5 56. Bc7 Nxd4 57. Kb6 Kd3 58. Kxa6 Kc4 59. Ka5
Kb3 60. Kb6 Ne2 61. Be5 1/2-1/2